¿Cuál es la Iglesia verdadera? : (Registro nro. 22047)

Detalles MARC
000 -Cabecera
Campo de control interno 00904nam a2200277Ia 4500
005 - Fecha y hora del registro
control field 20260320113337.0
008 - Elementos de Longitud Fija
fixed length control field 260320s9999||||xx |||||||||||||| ||und||
020 ## - ISBN
ISBN 9798372586833
041 ## - Idioma
Codigo Idioma ESP
082 ## - DEWEY y NOTACIÓN INTERNA
Dewey 282
Notación Interna U73
100 ## - AUTOR
Autor denominación Urbina, Dante A.,
Término de relación autor
245 #0 - TÍTULO DE MATERIAL BIBLIOGRÁFICO
Título ¿Cuál es la Iglesia verdadera? :
Título paralelo una respuesta desde la biblia, la historia y la razón
246 ## - TÍTULO TRADUCIDO
Título
Título paralelo
Autor
250 ## - EDICIÓN
Edición Primera edición
260 ## - CIUDAD, EDITORIAL, AÑO
Ciudad Seattle (US) :
Nombre de la Editorial Ed, Kindle Direct Publishing,
Año 2023
300 ## - DESCRIPCIÓN
N° Páginas 250 páginas :
Otros detalles
Dimensiones 23 cm.
Material Adicional
440 ## - MENCIÓN DE SERIE
Título de la Serie
Número de Serie
Volumen de Serie
500 ## - NOTA GENERAL
Nota General Made in the USA Monee, IL 23 february 2025
650 ## - TEMAS
Temas Religión
653 ## - DESCRIPTORES
Lenguajes no controlado Iglesia Católica; Catolicismo; Doctrinas católicas
654 ## - PROGRAMAS
Programa Dpto. de Humanidades
700 ## - OTROS AUTORES
Otros autores
Títulos y otras palabras asociadas con el nombre
856 ## - URL - UBICACIÓN
URI/URL: Enlace exacto del recurso <a href="https://0u20job3w-y-https-www-jstor-org.itmsp.museknowledge.com/">https://0u20job3w-y-https-www-jstor-org.itmsp.museknowledge.com/</a>
Nota pública: Versión digital <a href="Véase además: Base de datos JSTOR">Véase además: Base de datos JSTOR</a>
942 ## - ELEMENTOS DE KOHA
Tipo de documento Libro
Nombre del creador Justo Noguera
Código de catalogador Margarita Torres
Esquema de clasificación Dewey Decimal Classification
Suppress in OPAC
Existencias
Codigo completo Registro Colección Copia número Disponibilidad Tipo de préstamo Biblioteca Actual Procedencia (Biblioteca) Ubicacón Fecha Ingreso Tipo de Adquisición Observación Date last seen Total checkouts Price effective from Tipo de Item Estado del Material Fuente de Clasificación Damaged status Withdrawn status
282 U73 1087400 Universidad Católica San Pablo 1 Disponible Disponible Víctor Andrés Belaunde Víctor Andrés Belaunde Planta baja abierta 10/03/2026 Compra Administración de Negocios 20/03/2026   20/03/2026 Libro Bueno Dewey Decimal Classification